[Event "9th Semana Santa Alicante"]
[Site "San Vicente ESP"]
[Date "2025.04.21"]
[Round "9.30"]
[White "Marin, Mihail"]
[Black "Toncheva, Nadya"]
[Result "1-0"]
[WhiteTitle "GM"]
[BlackTitle "FM"]
[WhiteElo "2426"]
[BlackElo "2318"]
[WhiteFideId "1200020"]
[BlackFideId "2924056"]
[EventDate "2025.04.16"]

1. Nf3 c5 2. b3 Nc6 3. Bb2 d6 4. g3 e5 5. d3 Nf6 6. Bg2 Be7 7. c4 O-O 8. O-O a6
9. Nc3 Rb8 10. Ne1 Re8 11. Nc2 Bf8 12. Ne3 Nd4 13. Ned5 Nxd5 14. Nxd5 Bg4 15. f3
Bd7 16. e3 Nf5 17. Qd2 b5 18. f4 exf4 19. Rxf4 Be6 20. Raf1 Qd7 21. Qf2 Nh6 22.
g4 Bxg4 23. Qg3 1-0

[Event "9th Semana Santa Alicante"]
[Site "San Vicente ESP"]
[Date "2025.04.21"]
[Round "9.31"]
[White "Stella, Andrea"]
[Black "Ammar, Sedrani"]
[Result "1/2-1/2"]
[WhiteTitle "GM"]
[BlackTitle "FM"]
[WhiteElo "2425"]
[BlackElo "2165"]
[WhiteFideId "827061"]
[BlackFideId "9312331"]
[EventDate "2025.04.16"]

1. d4 d5 2. c4 e6 3. Nf3 Nf6 4. Nc3 Be7 5. Bf4 O-O 6. e3 a6 7. cxd5 exd5 8. Bd3
Re8 9. h3 Bd6 10. Be5 c6 11. O-O Qe7 12. Re1 Nbd7 13. Bxd6 Qxd6 14. Qc2 Nf8 15.
Rac1 Bd7 16. Ne5 Rad8 17. Na4 Bc8 18. Nc5 Ne6 19. b4 g6 20. a4 Re7 21. b5 axb5
22. axb5 Nxc5 23. Qxc5 Qxc5 24. Rxc5 Nd7 25. Nxd7 Bxd7 26. bxc6 bxc6 27. Rb1 Be8
28. Ra5 Kf8 29. g4 h6 30. Kg2 Rc7 31. h4 Rcc8 32. g5 hxg5 33. hxg5 Ra8 34. Rba1
Rxa5 35. Rxa5 Ke7 36. Kg3 Rb8 37. Ra7+ Bd7 38. Be2 Rb1 39. Bf3 Kd6 40. Bg2 Be6
41. Ra2 Rb8 42. Ra7 Rb1 43. Ra3 Rb8 44. f3 Rb4 45. Rc3 Rc4 46. Rb3 Ra4 47. Rb2
Ra3 48. Kf4 Rd3 49. Bf1 Rd1 50. Bg2 Rd3 51. Re2 Rd1 52. Kg3 Rd3 53. Bh3 Bxh3 54.
Kxh3 Rc3 55. Kg3 c5 56. dxc5+ Kxc5 57. Kf4 Kd6 58. Ra2 Rc4+ 59. Kg3 Rc6 60. Ra7
Ke6 61. Kf4 Rc4+ 62. Kg3 Rc6 63. Kf4 Rc4+ 64. Kg3 Rc6 1/2-1/2

[Event "9th Semana Santa Alicante"]
[Site "San Vicente ESP"]
[Date "2025.04.21"]
[Round "9.32"]
[White "Oro, Faustino"]
[Black "Ribeiro, Rodrigo"]
[Result "1-0"]
[WhiteTitle "IM"]
[BlackTitle "FM"]
[WhiteElo "2423"]
[BlackElo "2129"]
[WhiteFideId "20000197"]
[BlackFideId "1938398"]
[EventDate "2025.04.16"]

1. e4 c5 2. Nf3 e6 3. d4 cxd4 4. Nxd4 a6 5. Bd3 Bc5 6. Nb3 Ba7 7. Bf4 Qf6 8. Qd2
e5 9. Bg5 Qg6 10. Nc3 h6 11. Bh4 Nf6 12. O-O-O O-O 13. Kb1 Nh5 14. Nd5 Nc6 15.
h3 Qd6 16. Be2 Qg6 17. Bd3 Qd6 18. Na5 Bc5 19. Nc4 Qb8 20. Ncb6 Ra7 21. g3 Qd6
22. Be2 Qg6 23. Nxc8 Rxc8 24. f4 Nf6 25. f5 Nxe4 26. fxg6 Nxd2+ 27. Rxd2 fxg6
28. g4 b5 29. Bd3 g5 30. Bg3 d6 31. c3 Rf7 32. Bf5 Rxf5 33. gxf5 a5 34. Bf2 1-0

[Event "9th Semana Santa Alicante"]
[Site "San Vicente ESP"]
[Date "2025.04.21"]
[Round "9.33"]
[White "Lopez Varela, Pablo"]
[Black "Gloeckler, Christian"]
[Result "1/2-1/2"]
[WhiteTitle "FM"]
[BlackTitle "FM"]
[WhiteElo "2350"]
[BlackElo "2423"]
[WhiteFideId "32092105"]
[BlackFideId "34608966"]
[EventDate "2025.04.16"]

1. Nf3 Nf6 2. g3 c5 3. Bg2 Nc6 4. O-O e5 5. d3 d5 6. e4 dxe4 7. dxe4 Qxd1 8.
Rxd1 Bg4 9. c3 Nxe4 10. Re1 O-O-O 11. h3 Bh5 12. Na3 Nf6 13. Nc4 e4 14. Ng5 Bg6
15. Nxe4 Nxe4 16. Bxe4 Bxe4 17. Rxe4 Rd1+ 18. Kg2 g6 19. Ne3 Rd8 20. Nc2 Bg7 21.
Bf4 1/2-1/2

[Event "9th Semana Santa Alicante"]
[Site "San Vicente ESP"]
[Date "2025.04.21"]
[Round "9.34"]
[White "Liu, Zexu"]
[Black "Movsziszian, Karen"]
[Result "1/2-1/2"]
[BlackTitle "GM"]
[WhiteElo "2335"]
[BlackElo "2417"]
[WhiteFideId "8605963"]
[BlackFideId "13301152"]
[EventDate "2025.04.16"]

1. d4 d6 2. Nf3 Nf6 3. g3 g6 4. Bg2 Bg7 5. c4 O-O 6. Nc3 c6 7. O-O Qb6 8. h3 Qa6
9. Nd2 d5 10. cxd5 cxd5 11. Nb3 Nc6 12. Bg5 e6 13. Qd2 b6 14. Rfc1 Bd7 15. Rd1
Rac8 16. Rac1 Na5 17. Nxa5 Qxa5 18. Qf4 Nh5 19. Qd6 Ba4 20. Nxa4 Qxa4 21. Be7
Rfe8 22. g4 Nf6 23. Qa3 Qxa3 24. Bxa3 Bf8 25. Bxf8 Kxf8 26. e3 Nd7 27. g5 Ke7
28. Bf1 Nb8 29. f4 Kd6 30. Kf2 a6 31. Ke2 b5 32. Kd2 Nd7 33. a3 Nb6 34. b3 Rxc1
35. Rxc1 Rb8 36. Bd3 Rh8 37. h4 h5 38. Rc2 Rc8 39. Rxc8 Nxc8 40. Kc3 Na7 41. Kb4
Nc6+ 42. Kc3 Ne7 43. Kb4 Nc6+ 44. Kc3 Ne7 1/2-1/2

[Event "9th Semana Santa Alicante"]
[Site "San Vicente ESP"]
[Date "2025.04.21"]
[Round "9.35"]
[White "Sanchez, Sebastian Felipe"]
[Black "Vioque Gonzalez, Nicolas"]
[Result "1-0"]
[WhiteTitle "IM"]
[WhiteElo "2415"]
[BlackElo "2162"]
[WhiteFideId "4403304"]
[BlackFideId "54583063"]
[EventDate "2025.04.16"]

1. Nf3 d5 2. g3 Nf6 3. Bg2 e6 4. O-O Be7 5. d4 a6 6. Nbd2 O-O 7. c4 dxc4 8. Nxc4
b5 9. Na5 c6 10. Bd2 Qb6 11. b4 Bb7 12. Qc2 Nbd7 13. Rac1 Rac8 14. a3 Qa7 15.
Rfd1 Bd8 16. Nb3 Bb6 17. e3 Rfe8 18. Bc3 Nd5 19. Ng5 N7f6 20. Bb2 h6 21. Nf3 a5
22. bxa5 Bxa5 23. Nxa5 Qxa5 24. Ne5 Red8 25. Qd2 Qxd2 26. Rxd2 Nd7 27. Nxd7 Rxd7
28. Rdc2 Ra8 29. h4 h5 30. Kh2 Kf8 31. Bc3 Ke8 32. Bb4 Ra4 33. Bc5 Rd8 34. Bf3
g6 35. Rb2 Rda8 36. Bd1 R4a5 37. Rb3 Kd7 38. Kg1 Re8 39. e4 Nc7 40. e5 Rc8 41.
g4 hxg4 42. Bxg4 Rh8 43. Rh3 Na6 44. Bb6 Ra4 45. Bd1 Rc4 46. Rxc4 bxc4 47. Be2
c3 48. h5 c2 49. Rc3 gxh5 50. Kh2 Nc7 51. Rxc2 Ra8 52. Bc5 Nb5 53. Rb2 Ra5 54.
Bxh5 Ke8 55. Rb3 Ra4 56. Rf3 Rc4 57. Rxf7 Bc8 58. Ra7+ 1-0

[Event "9th Semana Santa Alicante"]
[Site "San Vicente ESP"]
[Date "2025.04.21"]
[Round "9.36"]
[White "Lazaro Pujol, Abel"]
[Black "Kulon, Klaudia"]
[Result "1-0"]
[WhiteTitle "FM"]
[BlackTitle "IM"]
[WhiteElo "2307"]
[BlackElo "2408"]
[WhiteFideId "24596728"]
[BlackFideId "1131044"]
[EventDate "2025.04.16"]

1. e4 e5 2. Nf3 Nc6 3. Bc4 Nf6 4. d3 Bc5 5. O-O d6 6. c3 a6 7. a4 Ba7 8. Re1 Ng4
9. Re2 Qf6 10. Nbd2 g5 11. d4 Qg7 12. Nf1 exd4 13. e5 d3 14. Qxd3 Ngxe5 15. Nxe5
Nxe5 16. Qg3 O-O 17. Bb3 h6 18. Be3 Bxe3 19. Nxe3 Be6 20. Bc2 Ng6 21. Nf5 Bxf5
22. Bxf5 Nf4 23. Re4 d5 24. Re3 Qf6 25. Bc2 d4 26. cxd4 Qxd4 27. Rae1 Qxb2 28.
Bb1 Rad8 29. h4 Qg7 30. hxg5 Qxg5 31. Qf3 Rd5 32. Re7 Rc5 33. g3 Ng6 34. Bxg6
Qxg6 35. Qxb7 Qd6 36. Qb2 Rg5 37. Qc2 c5 38. R1e4 h5 39. Qe2 Qg6 40. R7e5 f5 41.
Qc4+ Kh8 42. Qxc5 Rg8 43. Re3 h4 44. Qd4 Rg4 45. R5e4+ Rg7 46. Rxg4 Qxg4 47.
Re8+ Kh7 48. Qd8 Kg6 49. Rh8 Qb4 50. Qe8+ Rf7 51. Qe6+ Kg7 52. Qh6# 1-0

[Event "9th Semana Santa Alicante"]
[Site "San Vicente ESP"]
[Date "2025.04.21"]
[Round "9.37"]
[White "Pattnayak, Nilsu"]
[Black "Sai, Krishna G V"]
[Result "0-1"]
[BlackTitle "IM"]
[WhiteElo "2146"]
[BlackElo "2384"]
[WhiteFideId "35043943"]
[BlackFideId "5028280"]
[EventDate "2025.04.16"]

1. e4 e5 2. Nf3 Nc6 3. Bb5 a6 4. Ba4 d6 5. O-O Bd7 6. c3 g6 7. d4 Bg7 8. Bg5
Nge7 9. dxe5 dxe5 10. Qd2 h6 11. Be3 Bg4 12. Qe2 g5 13. Bc5 Ng6 14. Qe3 Qf6 15.
Rd1 b6 16. Rd6 cxd6 17. Bxc6+ Ke7 18. Bxa8 dxc5 19. Bd5 Nf4 20. Bc4 Bxf3 21.
Qxf3 h5 22. Nd2 g4 23. Qe3 Bh6 24. Qe1 h4 25. Bf1 Rg8 26. g3 Nh3+ 27. Bxh3 gxh3
28. Nc4 Qf3 29. Qf1 Bf4 30. Ne3 Rxg3+ 31. hxg3 h2+ 32. Kxh2 hxg3+ 33. Kg1 gxf2+
34. Qxf2 Bxe3 0-1

[Event "9th Semana Santa Alicante"]
[Site "San Vicente ESP"]
[Date "2025.04.21"]
[Round "9.38"]
[White "Brodowski, Piotr"]
[Black "Navrotescu, Andreea"]
[Result "1/2-1/2"]
[WhiteTitle "IM"]
[BlackTitle "WGM"]
[WhiteElo "2461"]
[BlackElo "2301"]
[WhiteFideId "1124480"]
[BlackFideId "675946"]
[EventDate "2025.04.16"]

1. d4 d5 2. c4 e6 3. Nf3 Nf6 4. Nc3 Be7 5. Bf4 O-O 6. a3 b6 7. cxd5 exd5 8. g3
c5 9. Bg2 Nc6 10. O-O h6 11. Rc1 c4 12. Ne5 Na5 13. g4 Be6 14. e3 Rc8 15. Bg3
Nc6 16. h3 Nh7 17. Nxc6 Rxc6 18. e4 Nf6 19. e5 Ne8 20. f4 f5 21. Qf3 Nc7 22. Nd1
Nb5 23. Bf2 fxg4 24. hxg4 Rxf4 25. Qxf4 Bg5 26. Qf3 Bxc1 27. a4 Nc7 28. Be3
Bxe3+ 29. Nxe3 c3 30. bxc3 Rxc3 31. Qf4 Qg5 32. Qxg5 hxg5 33. Nf5 g6 34. Ne7+
Kg7 35. Rf6 Bf7 36. Kf2 Rc4 37. Rc6 Rxc6 38. Nxc6 a5 39. Bf3 Kf8 40. Na7 Be8 41.
Bd1 Bd7 42. Ke3 Ke8 43. Kd3 Kd8 44. Kc3 Ne6 45. Nb5 Bxb5 46. axb5 Kd7 47. Bf3
Nf4 48. Bd1 Nh3 49. Bc2 Nf4 50. Kd2 Ke6 51. Ke3 Ng2+ 52. Kf2 Nf4 53. Ke3 Kf7 54.
Bb3 1/2-1/2

[Event "9th Semana Santa Alicante"]
[Site "San Vicente ESP"]
[Date "2025.04.21"]
[Round "9.39"]
[White "Elsness, Frode"]
[Black "Sahithi Varshini M"]
[Result "1-0"]
[WhiteTitle "IM"]
[BlackTitle "FM"]
[WhiteElo "2408"]
[BlackElo "2301"]
[WhiteFideId "1501100"]
[BlackFideId "45095248"]
[EventDate "2025.04.16"]

1. d4 Nf6 2. c4 e6 3. g3 Bb4+ 4. Bd2 a5 5. Bg2 d5 6. Nf3 O-O 7. Qc2 c5 8. O-O
Bxd2 9. Qxd2 Na6 10. Rd1 cxd4 11. cxd5 exd5 12. Nxd4 h5 13. Nc3 h4 14. gxh4 Nc7
15. Qg5 Ra6 16. Rd3 Nh7 17. Qxd8 Rxd8 18. Rad1 Nf6 19. Ndb5 Nxb5 20. Nxb5 Bf5
21. R3d2 Rd7 22. Nc3 Rb6 23. Nxd5 Nxd5 24. Rxd5 Rxd5 25. Rxd5 Be6 26. Rd8+ Kh7
27. b3 Rb4 28. e3 Rxh4 29. Rd4 Rxd4 30. exd4 b6 31. Be4+ Kh6 32. f4 Bd7 33. Kf2
Kh5 34. Kg3 Kh6 35. a3 g6 36. Kf2 Kg7 37. Bd5 Kf6 38. Ke3 Ke7 39. Kd2 f6 40. h4
Kd6 41. Bf7 Bf5 42. Kc3 Ke7 43. Bc4 Bd7 44. b4 a4 45. b5 Bf5 46. Bd3 Bxd3 47.
Kxd3 f5 48. Kc4 Ke6 49. Kb4 Kd5 50. Kxa4 Ke4 51. d5 Kxd5 52. Kb4 Ke4 53. a4 Kxf4
54. a5 bxa5+ 55. Kxa5 Kg4 56. b6 Kxh4 57. b7 f4 58. b8=Q g5 59. Qb1 g4 60. Qh1+
Kg3 61. Kb4 f3 62. Qg1+ Kf4 63. Kc3 g3 64. Kd3 f2 65. Qg2 Kf5 66. Ke3 Kg4 67.
Ke4 1-0

[Event "9th Semana Santa Alicante"]
[Site "San Vicente ESP"]
[Date "2025.04.21"]
[Round "9.40"]
[White "Waldhausen Gordon, Frederick"]
[Black "Povshednyi, Ivan"]
[Result "0-1"]
[WhiteTitle "FM"]
[BlackTitle "FM"]
[WhiteElo "2407"]
[BlackElo "2291"]
[WhiteFideId "2409143"]
[BlackFideId "14190907"]
[EventDate "2025.04.16"]

1. e4 c5 2. Nf3 d6 3. d4 cxd4 4. Nxd4 Nf6 5. Nc3 a6 6. Rg1 e5 7. Nb3 h5 8. h3 h4
9. g4 hxg3 10. Rxg3 Be6 11. Bd2 Nbd7 12. Qe2 g6 13. O-O-O Qc7 14. Kb1 Bg7 15.
Bg5 O-O 16. h4 Nh5 17. Rf3 Nb6 18. Bh3 Rfe8 19. Bxe6 Rxe6 20. Be3 Rc8 21. Bxb6
Qxb6 22. Nd5 Qd8 23. Rh3 Qe8 24. Qd2 Qd8 25. Qe3 Qe8 26. Qb6 Nf4 27. Nxf4 exf4
28. Qxb7 Rxe4 29. Qxa6 Re2 30. c3 Ra8 31. Qd3 Rxf2 32. Rf3 Rxf3 33. Qxf3 Qa4 34.
Nc1 Rb8 35. Rd2 Be5 36. h5 Qc4 37. Nb3 Kg7 38. hxg6 fxg6 39. Nd4 Qf7 40. b3 Rh8
41. Kb2 Rc8 42. Nb5 Qd7 43. a4 Rh8 44. Qe4 Qe7 45. a5 Rh3 46. Qc6 f3 47. a6 Qf7
48. Qc7 Qxc7 49. Nxc7 Bxc3+ 50. Kc2 Bxd2 51. a7 f2 52. Ne6+ Kh7 53. a8=Q f1=Q
54. Qb7+ Kh6 55. Qg7+ Kh5 56. Qh7+ Bh6 57. Ng7+ Kg5 58. Ne6+ Kf6 59. Qh8+ Kxe6
60. Qe8+ Kf6 61. Qd8+ Kg7 62. Qd7+ Kh8 63. Qc8+ Bf8 0-1